100 największych miast Hiszpanii na mapie - Statystyki

Ogólne statystyki
  • Ten quiz został rozwiązany 364 razy
    260 od ostatniego zresetowania
  • Średni wynik to 26 z 100
Odpowiedzi na mapie
Odpowiedzi zakodowano w zielono-czerwonej skali na mapie do tego quizu, zgodnie z poniższymi procentami.
 
Statystyki odpowiedzi
Populacja Miasto % Poprawnych
1,66 m Barcelona
100%
3,34 m Madryt
100%
684 k Sewilla
94%
804 k Walencja
91%
345 k Bilbao
88%
431 k Palma
87%
587 k Malaga
82%
684 k Saragossa
78%
104 k Gerona
73%
295 k Vigo
70%
188 k Donostia
64%
247 k La Coruña
63%
92,4 k San Sebastián de los Reyes
62%
232 k Granada
59%
351 k Alicante
58%
188 k Getafe
58%
468 k Murcja
57%
112 k Kadyks
54%
217 k Oviedo
54%
381 k Las Palmas
52%
176 k Santander
52%
83,1 k Ceuta
51%
297 k Valladolid
51%
324 k Córdoba
48%
238 k Elche
46%
269 k Gijón
45%
122 k León
45%
85,8 k Toledo
44%
98,7 k Santiago de Compostela
40%
201 k Almería
38%
85,5 k Melilla
34%
144 k Salamanka
34%
173 k Albacete
33%
175 k Burgos
32%
138 k Tarragona
32%
143 k Huelva
28%
191 k Leganés
27%
156 k Marbella
25%
206 k Pamplona
25%
209 k Santa Cruz
25%
151 k Badajoz
24%
224 k Badalona
23%
255 k Vitoria-Gasteiz
20%
277 k L'Hospitalet de Llobregat
19%
214 k Jerez de la Frontera
17%
218 k Cartagena
16%
112 k Jaén
16%
98,2 k Lugo
16%
143 k Lérida
14%
150 k Logroño
13%
176 k Castellón de la Plana
12%
130 k Mataró
11%
88,9 k Guadalajara
10%
104 k Orense
10%
109 k Reus
10%
76,8 k Alcalá de Guadaíra
8%
198 k Alcalá de Henares
8%
124 k Algeciras
8%
189 k Fuenlabrada
8%
211 k Móstoles
8%
218 k Sabadell
8%
225 k Tarrasa
8%
82,6 k Pontevedra
7%
173 k Alcorcón
6%
96,2 k Cáceres
6%
139 k Dos Hermanas
6%
97,9 k Lorca
5%
101 k Baracaldo
4%
160 k La Laguna
4%
138 k Torrejón de Ardoz
4%
119 k Alcobendas
3%
77,1 k Estepona
2%
85,1 k Fuengirola
2%
77,9 k Gandía
2%
78,6 k Manresa
2%
90,8 k Mijas
2%
133 k Parla
2%
94,1 k San Fernando
2%
119 k Santa Coloma de Gramanet
2%
84,1 k Talavera de la Reina
2%
89,7 k Torrevieja
2%
86,5 k Arona
1%
88,8 k Chiclana de la Frontera
1%
89,4 k El Ejido
1%
98,6 k Las Rozas de Madrid
1%
82,4 k Orihuela
1%
106 k Roquetas de Mar
1%
102 k Telde
1%
81,6 k Valdemoro
1%
86,4 k Vélez-Málaga
1%
90,1 k Cornellà de Llobregat
0%
80,1 k Coslada
0%
90,2 k El Puerto de Santa María
0%
88,5 k Pozuelo de Alarcón
0%
100 k Rivas-Vaciamadrid
0%
80,0 k Rubí
0%
76,4 k Santa Lucía de Tirajana
0%
83,7 k Sant Boi de Llobregat
0%
97,6 k Sant Cugat del Vallès
0%
87,3 k Torrente
0%
Nie znaleziono quizów pasujących do podanych kryteriów
Rozkład punktacji
Procent ludzi z każdym wynikiem
Percentyl według liczby udzielonych odpowiedzi
Twoja historia wyników
Nie rozwiązałeś tego quizu od ostatniego zresetowania